G1 Transformers based on their Function Quiz Stats

 Plays Quiz not verified by Sporcle

Support Sporcle.
Go Orange.
Score 0/20 Timer 06:00
0 Plays Today
Function Character % Correct
Autobot MedicRatchet
85.9%
Decepticon Air CommanderStarscream
82.3%
Decepticon CommunicationsSoundwave
81%
Autobot Mechanical EngineerWheeljack
73.3%
Autobot ScientistPerceptor
73%
Autobot SecurityIronhide
67.1%
Decepticon Military TransportAstrotrain
67.1%
Autobot Naval DefenseSeaspray
61.7%
Autobot Military StrategistProwl
60.2%
Decepticon Military Operations CmdrShockwave
57.1%
Function Character % Correct
Autobot Special Operations AgentJazz
54.8%
Autobot ScoutHound
51.9%
Autobot GeologistBeachcomber
51.7%
Autobot Search and RescueInferno
49.1%
Decepticon SaboteurRavage
48.1%
Decepticon Ground and Air CmdrBlitzwing
43.4%
Decepticon Surgical EngineerHook
42.4%
Decepticon Materials FabricationMixmaster
38.8%
Decepticon Psychological WarfareBombshell
34.4%
Decepticon InterrogationLaserbeak
30.8%

You're not logged in!

Compare scores with friends on all Sporcle quizzes.
OR
Log In

From the Vault

Countries Younger Than Kyrgyzstan

by Pilgab

Just be thankful you don't have to spell it.
Remove Ads.
Support Sporcle.
Get the best of Sporcle when you Go Orange. This ad-free experience offers more features, more stats, and more fun while also helping to support Sporcle. Thank you for becoming a member.

Show Comments

Extras

Top Quizzes Today


Score Distribution

Your Account Isn't Verified!

In order to create a playlist on Sporcle, you need to verify the email address you used during registration. Go to your Sporcle Settings to finish the process.

Report this User

Report this user for behavior that violates our Community Guidelines.

Details: